The American Annual of Photography 1942: Volume fifty six. (Record no. 5461)

MARC details
000 -CABECERA
campo de control de longitud fija 00687nam a2200229 a 4500
001 - NÚMERO DE CONTROL
campo de control BRCA_5772
005 - FECHA Y HORA DE LA ÚLTIMA TRANSACCIÓN
campo de control 20190320205217.0
008 - DATOS DE LONGITUD FIJA--INFORMACIÓN GENERAL
campo de control de longitud fija 090311t1941----u--ao#####---#000-0#eng-#
041 ## - CÓDIGO DE LENGUA
Código de lengua del texto/banda sonora o título independiente eng
044 ## - CÓDIGO DEL PAÍS DE LA ENTIDAD EDITORA/PRODUCTORA
Código MARC del país u
050 #4 - SIGNATURA TOPOGRÁFICA DE LA BIBLIOTECA DEL CONGRESO
Número de clasificación TR1
Número de documento/Ítem .A55
-- 1941
245 10 - MENCIÓN DE TÍTULO
Título The American Annual of Photography 1942: Volume fifty six.
Mención de responsabilidad, etc. American Photographie.
260 ## - PUBLICACIÓN, DISTRIBUCIÓN, ETC.
Lugar de publicación, distribución, etc. E.U.A
Nombre del editor, distribuidor, etc. American Photographie
Fecha de publicación, distribución, etc. 1941
300 ## - DESCRIPCIÓN FÍSICA
Extensión 280 p.
Otras características físicas ils., fotogr.
Dimensiones 25 cm.
500 ## - NOTA GENERAL
Nota general Editado por Frank R. Frapie y Franklin I. Jordan.
500 ## - NOTA GENERAL
Nota general H75
650 14 - PUNTO DE ACCESO ADICIONAL DE MATERIA--TÉRMINO DE MATERIA
Término de materia o nombre geográfico como elemento de entrada Fotografía
Subdivisión geográfica E.U.A
9 (RLIN) 14645
700 1# - PUNTO DE ACCESO ADICIONAL--NOMBRE DE PERSONA
Nombre de persona Frapie R., Frank
Término indicativo de función/relación ed.
9 (RLIN) 14646
700 1# - PUNTO DE ACCESO ADICIONAL--NOMBRE DE PERSONA
Nombre de persona I. Jordan Franklin.
Término indicativo de función/relación ed.
9 (RLIN) 14647
902 ## - CATALOGADOR
Iniciales GFM
942 ## - ELEMENTOS DE PUNTO DE ACCESO ADICIONAL (KOHA)
Fuente del sistema de clasificación o colocación Library of Congress Classification
Tipo de ítem Koha Libros
Holdings
Estado de retiro Estado de pérdida Estado dañado No para préstamo Localización permanente Ubicación/localización actual Fecha de adquisición Número de inventario Total de préstamos Signatura topográfica completa Código de barras Fecha visto por última vez Precio válido a partir de Tipo de ítem Koha
El ejemplar forma parte de la colección y puede ser consultado según las políticas vigentes.       Biblioteca del Museo Franz Mayer (Rogerio Casas-Alatriste) Biblioteca del Museo Franz Mayer (Rogerio Casas-Alatriste) 09/03/2011 H75   TR1 .A55 1941 (H75) 6211 22/03/2019 22/03/2019 Libros